[Event "World Cup 2023 Open"]
[Site "Baku, Azerbaijan"]
[Date "2023.08.04"]
[Round "14.7"]
[White "Vidit Santosh Gujrathi (IND)"]
[Black "Mastrovasilis Dimitrios (GRE)"]
[Result "1/2-1/2"]
[WhiteFideId "5029465"]
[BlackFideId "4202694"]
[WhiteElo "2719"]
[BlackElo "2587"]

1. e4 {[%clk 00:25:10]} {[%emt 00:00:09]} c5 {[%clk 00:24:51]} {[%emt
00:00:30]} 2. Nf3 {[%clk 00:25:17]} {[%emt 00:00:04]} e6 {[%clk 00:24:59]}
{[%emt 00:00:02]} 3. Nc3 {[%clk 00:25:22]} {[%emt 00:00:05]} a6 {[%clk
00:24:24]} {[%emt 00:00:45]} 4. Be2 {[%clk 00:25:27]} {[%emt 00:00:05]} b5
{[%clk 00:23:44]} {[%emt 00:00:50]} 5. O-O {[%clk 00:25:32]} {[%emt 00:00:04]}
Bb7 {[%clk 00:23:50]} {[%emt 00:00:04]} 6. d4 {[%clk 00:25:36]} {[%emt
00:00:06]} cxd4 {[%clk 00:23:55]} {[%emt 00:00:05]} 7. Qxd4 {[%clk 00:25:42]}
{[%emt 00:00:04]} Nf6 {[%clk 00:18:28]} {[%emt 00:05:37]} 8. e5 {[%clk
00:22:52]} {[%emt 00:03:01]} Nd5 {[%clk 00:18:32]} {[%emt 00:00:05]} 9. Nxd5
{[%clk 00:22:30]} {[%emt 00:00:32]} Bxd5 {[%clk 00:18:39]} {[%emt 00:00:02]} 10.
Qf4 {[%clk 00:22:25]} {[%emt 00:00:15]} Be7 {[%clk 00:17:04]} {[%emt 00:01:45]}
11. Qg3 {[%clk 00:21:02]} {[%emt 00:01:33]} g6 {[%clk 00:15:18]} {[%emt
00:01:57]} 12. Bh6 {[%clk 00:20:43]} {[%emt 00:00:28]} Nc6 {[%clk 00:13:36]}
{[%emt 00:01:52]} 13. a4 {[%clk 00:20:38]} {[%emt 00:00:15]} b4 {[%clk
00:13:37]} {[%emt 00:00:09]} 14. Rad1 {[%clk 00:19:41]} {[%emt 00:01:07]} Bf8
{[%clk 00:12:51]} {[%emt 00:00:56]} 15. Bg5 {[%clk 00:17:09]} {[%emt 00:02:42]}
Be7 {[%clk 00:12:54]} {[%emt 00:00:06]} 16. Bf4 {[%clk 00:14:10]} {[%emt
00:03:09]} O-O {[%clk 00:09:18]} {[%emt 00:03:47]} 17. Ng5 {[%clk 00:10:31]}
{[%emt 00:03:48]} Nxe5 {[%clk 00:06:39]} {[%emt 00:02:50]} 18. Nxh7 {[%clk
00:09:50]} {[%emt 00:00:51]} Kxh7 {[%clk 00:06:09]} {[%emt 00:00:40]} 19. Bxe5
{[%clk 00:09:21]} {[%emt 00:00:39]} Bf6 {[%clk 00:05:46]} {[%emt 00:00:33]} 20.
Rd4 {[%clk 00:07:18]} {[%emt 00:02:13]} a5 {[%clk 00:03:55]} {[%emt 00:02:01]}
21. Bd3 {[%clk 00:04:49]} {[%emt 00:02:38]} d6 {[%clk 00:03:12]} {[%emt
00:00:53]} 22. Bxf6 {[%clk 00:04:12]} {[%emt 00:00:47]} Qxf6 {[%clk 00:03:19]}
{[%emt 00:00:04]} 23. Rf4 {[%clk 00:04:03]} {[%emt 00:00:19]} Qg7 {[%clk
00:02:50]} {[%emt 00:00:40]} 24. Qh4+ {[%clk 00:02:55]} {[%emt 00:01:16]} Kg8
{[%clk 00:02:36]} {[%emt 00:00:24]} 25. Rf6 {[%clk 00:02:56]} {[%emt 00:00:09]}
Rac8 {[%clk 00:02:06]} {[%emt 00:00:40]} 26. Re1 {[%clk 00:02:12]} {[%emt
00:00:54]} Bc4 {[%clk 00:00:55]} {[%emt 00:01:22]} 27. Bxc4 {[%clk 00:00:41]}
{[%emt 00:01:41]} Rxc4 {[%clk 00:01:03]} {[%emt 00:00:02]} 28. Qxc4 {[%clk
00:00:39]} {[%emt 00:00:12]} Qxf6 {[%clk 00:01:11]} {[%emt 00:00:02]} 29. c3
{[%clk 00:00:26]} {[%emt 00:00:23]} d5 {[%clk 00:00:39]} {[%emt 00:00:42]} 30.
Qc5 {[%clk 00:00:29]} {[%emt 00:00:07]} bxc3 {[%clk 00:00:38]} {[%emt
00:00:11]} 31. bxc3 {[%clk 00:00:38]} {[%emt 00:00:01]} Rb8 {[%clk 00:00:16]}
{[%emt 00:00:32]} 32. Qxa5 {[%clk 00:00:32]} {[%emt 00:00:16]} Rb2 {[%clk
00:00:17]} {[%emt 00:00:09]} 33. Qc5 {[%clk 00:00:31]} {[%emt 00:00:11]} Rc2
{[%clk 00:00:16]} {[%emt 00:00:12]} 34. Qd4 {[%clk 00:00:33]} {[%emt 00:00:07]}
Qxd4 {[%clk 00:00:19]} {[%emt 00:00:07]} 35. cxd4 {[%clk 00:00:42]} {[%emt
00:00:01]} Ra2 {[%clk 00:00:25]} {[%emt 00:00:04]} 36. h4 {[%clk 00:00:36]}
{[%emt 00:00:16]} Rxa4 {[%clk 00:00:28]} {[%emt 00:00:07]} 37. Rd1 {[%clk
00:00:45]} Kg7 {[%clk 00:00:25]} {[%emt 00:00:13]} 38. g3 {[%clk 00:00:48]}
{[%emt 00:00:08]} Ra3 {[%clk 00:00:21]} {[%emt 00:00:13]} 39. Kg2 {[%clk
00:00:51]} {[%emt 00:00:07]} Kf6 {[%clk 00:00:30]} {[%emt 00:00:02]} 40. g4
{[%clk 00:00:58]} {[%emt 00:00:03]} Rb3 {[%clk 00:00:21]} {[%emt 00:00:19]} 41.
f3 {[%clk 00:01:04]} {[%emt 00:00:04]} Rb4 {[%clk 00:00:20]} {[%emt 00:00:11]}
42. Kg3 {[%clk 00:01:12]} {[%emt 00:00:02]} Ra4 {[%clk 00:00:27]} {[%emt
00:00:04]} 43. Rd2 {[%clk 00:01:17]} {[%emt 00:00:05]} Rb4 {[%clk 00:00:34]}
{[%emt 00:00:03]} 44. Rd1 {[%clk 00:01:23]} {[%emt 00:00:04]} Ra4 {[%emt
00:00:02]} 1/2-1/2

[Event "World Cup 2023 Open"]
[Site "Baku, Azerbaijan"]
[Date "2023.08.04"]
[Round "14.9"]
[White "Amin Bassem (EGY)"]
[Black "Albornoz Cabrera Carlos Daniel (CUB)"]
[Result "1/2-1/2"]
[WhiteFideId "10601457"]
[BlackFideId "3518736"]
[WhiteElo "2694"]
[BlackElo "2591"]

1. Nf3 {[%clk 00:25:16]} {[%emt 00:00:02]} Nf6 {[%clk 00:25:19]} {[%emt
00:00:02]} 2. g3 {[%clk 00:25:21]} {[%emt 00:00:06]} b5 {[%clk 00:25:28]}
{[%emt 00:00:01]} 3. Bg2 {[%clk 00:25:25]} {[%emt 00:00:06]} Bb7 {[%clk
00:25:36]} {[%emt 00:00:02]} 4. O-O {[%clk 00:25:30]} {[%emt 00:00:04]} c5
{[%clk 00:25:35]} {[%emt 00:00:11]} 5. d3 {[%clk 00:24:05]} {[%emt 00:01:35]}
e6 {[%clk 00:25:37]} {[%emt 00:00:08]} 6. e4 {[%clk 00:24:07]} {[%emt
00:00:07]} d6 {[%clk 00:25:46]} {[%emt 00:00:02]} 7. a4 {[%clk 00:24:08]}
{[%emt 00:00:09]} b4 {[%clk 00:25:55]} {[%emt 00:00:01]} 8. e5 {[%clk
00:22:18]} {[%emt 00:02:00]} dxe5 {[%clk 00:25:34]} {[%emt 00:00:31]} 9. Nxe5
{[%clk 00:22:26]} {[%emt 00:00:02]} Bxg2 {[%clk 00:25:40]} {[%emt 00:00:04]} 10.
Kxg2 {[%clk 00:22:34]} {[%emt 00:00:02]} Nbd7 {[%clk 00:24:33]} {[%emt
00:01:17]} 11. Nxd7 {[%clk 00:21:53]} {[%emt 00:00:51]} Qxd7 {[%clk 00:24:41]}
{[%emt 00:00:01]} 12. Qf3 {[%clk 00:21:54]} {[%emt 00:00:08]} Rd8 {[%clk
00:24:00]} {[%emt 00:00:52]} 13. Nd2 {[%clk 00:20:23]} {[%emt 00:01:41]} Be7
{[%clk 00:24:01]} {[%emt 00:00:09]} 14. b3 {[%clk 00:19:18]} {[%emt 00:01:15]}
Nd5 {[%clk 00:23:12]} {[%emt 00:00:59]} 15. Bb2 {[%clk 00:19:19]} {[%emt
00:00:08]} Bf6 {[%clk 00:22:45]} {[%emt 00:00:37]} 16. Bxf6 {[%clk 00:19:21]}
{[%emt 00:00:08]} gxf6 {[%clk 00:22:40]} {[%emt 00:00:16]} 17. Rae1 {[%clk
00:18:58]} {[%emt 00:00:33]} h5 {[%clk 00:22:09]} {[%emt 00:00:41]} 18. Nc4
{[%clk 00:18:56]} {[%emt 00:00:12]} h4 {[%clk 00:21:05]} {[%emt 00:01:14]} 19.
Re4 {[%clk 00:18:26]} {[%emt 00:00:40]} Qe7 {[%clk 00:19:18]} {[%emt 00:01:57]}
20. Ne3 {[%clk 00:17:54]} {[%emt 00:00:41]} Nxe3+ {[%clk 00:19:20]} {[%emt
00:00:09]} 21. fxe3 {[%clk 00:16:51]} {[%emt 00:01:13]} hxg3 {[%clk 00:18:33]}
{[%emt 00:00:57]} 22. hxg3 {[%clk 00:16:57]} {[%emt 00:00:04]} f5 {[%clk
00:17:16]} {[%emt 00:01:26]} 23. Rc4 {[%clk 00:16:10]} {[%emt 00:00:56]} Rd5
{[%clk 00:16:49]} {[%emt 00:00:38]} 24. Rh1 {[%clk 00:15:51]} {[%emt 00:00:29]}
Rxh1 {[%clk 00:16:28]} {[%emt 00:00:31]} 25. Kxh1 {[%clk 00:15:59]} {[%emt
00:00:01]} Qf6 {[%clk 00:16:19]} {[%emt 00:00:19]} 26. Kg2 {[%clk 00:16:03]}
{[%emt 00:00:06]} Qb2 {[%clk 00:15:53]} {[%emt 00:00:36]} 27. Qf4 {[%clk
00:15:07]} {[%emt 00:01:06]} Rxd3 {[%clk 00:13:36]} {[%emt 00:02:28]} 28. Qb8+
{[%clk 00:10:47]} {[%emt 00:04:30]} Rd8 {[%clk 00:09:46]} {[%emt 00:03:59]} 29.
Qb5+ {[%clk 00:10:55]} {[%emt 00:00:02]} Kf8 {[%clk 00:09:50]} {[%emt
00:00:07]} 30. Qxc5+ {[%clk 00:11:02]} {[%emt 00:00:02]} Kg7 {[%clk 00:09:22]}
{[%emt 00:00:38]} 31. Qxb4 {[%clk 00:07:14]} {[%emt 00:03:59]} Qc1 {[%clk
00:06:30]} {[%emt 00:03:02]} 32. Qc3+ {[%clk 00:07:20]} {[%emt 00:00:04]} Kg6
{[%clk 00:06:39]} {[%emt 00:00:01]} 33. Rd4 {[%clk 00:07:27]} {[%emt 00:00:03]}
Rh8 {[%clk 00:06:32]} {[%emt 00:00:17]} 34. Rh4 {[%clk 00:07:31]} {[%emt
00:00:06]} Rxh4 {[%clk 00:06:38]} {[%emt 00:00:04]} 35. gxh4 {[%clk 00:07:39]}
{[%emt 00:00:02]} Qd1 {[%clk 00:06:38]} {[%emt 00:00:10]} 36. Kf2 {[%clk
00:07:08]} {[%emt 00:00:40]} f6 {[%clk 00:05:47]} {[%emt 00:01:03]} 37. Qc6
{[%clk 00:06:35]} {[%emt 00:00:42]} Qd2+ {[%clk 00:05:45]} {[%emt 00:00:13]} 38.
Kf3 {[%clk 00:06:42]} {[%emt 00:00:01]} Qd1+ {[%clk 00:05:10]} {[%emt
00:00:45]} 39. Kf2 {[%clk 00:06:51]} {[%emt 00:00:02]} Qd2+ {[%clk 00:04:15]}
{[%emt 00:01:05]} 40. Kf3 {[%clk 00:06:59]} {[%emt 00:00:02]} Qd1+ {[%clk
00:03:23]} {[%emt 00:01:03]} 1/2-1/2

[Event "World Cup 2023 Open"]
[Site "Baku, Azerbaijan"]
[Date "2023.08.04"]
[Round "14.10"]
[White "Anton Guijarro David (ESP)"]
[Black "Gadimbayli Abdulla (AZE)"]
[Result "1/2-1/2"]
[WhiteFideId "2285525"]
[BlackFideId "13404938"]
[WhiteElo "2691"]
[BlackElo "2483"]

1. e4 {[%clk 00:25:17]} {[%emt 00:00:02]} c5 {[%clk 00:25:08]} {[%emt
00:00:13]} 2. Nf3 {[%clk 00:25:23]} {[%emt 00:00:04]} e6 {[%clk 00:25:15]}
{[%emt 00:00:04]} 3. c3 {[%clk 00:25:20]} {[%emt 00:00:13]} d5 {[%clk
00:25:11]} {[%emt 00:00:13]} 4. e5 {[%clk 00:25:27]} {[%emt 00:00:03]} d4
{[%clk 00:24:02]} {[%emt 00:01:19]} 5. d3 {[%clk 00:25:33]} {[%emt 00:00:03]}
Nc6 {[%clk 00:20:38]} {[%emt 00:03:35]} 6. g3 {[%clk 00:25:38]} {[%emt
00:00:05]} Nge7 {[%clk 00:19:58]} {[%emt 00:00:50]} 7. Bg2 {[%clk 00:25:35]}
{[%emt 00:00:13]} dxc3 {[%clk 00:18:45]} {[%emt 00:01:24]} 8. bxc3 {[%clk
00:24:51]} {[%emt 00:00:54]} b6 {[%clk 00:18:48]} {[%emt 00:00:07]} 9. O-O
{[%clk 00:24:15]} {[%emt 00:00:46]} Bb7 {[%clk 00:18:09]} {[%emt 00:00:50]} 10.
Qe2 {[%clk 00:23:28]} {[%emt 00:00:57]} Qd7 {[%clk 00:17:26]} {[%emt 00:00:53]}
11. Nbd2 {[%clk 00:23:02]} {[%emt 00:00:36]} Rd8 {[%clk 00:16:48]} {[%emt
00:00:48]} 12. Ne1 {[%clk 00:21:25]} {[%emt 00:01:47]} Nd5 {[%clk 00:15:47]}
{[%emt 00:01:11]} 13. Bb2 {[%clk 00:20:47]} {[%emt 00:00:48]} Be7 {[%clk
00:15:48]} {[%emt 00:00:09]} 14. Ne4 {[%clk 00:18:25]} {[%emt 00:02:33]} O-O
{[%clk 00:13:36]} {[%emt 00:02:22]} 15. c4 {[%clk 00:17:25]} {[%emt 00:01:10]}
Ndb4 {[%clk 00:12:03]} {[%emt 00:01:43]} 16. a3 {[%clk 00:04:08]} {[%emt
00:13:27]} Nxd3 {[%clk 00:10:05]} {[%emt 00:02:08]} 17. Nxd3 {[%clk 00:04:12]}
{[%emt 00:00:06]} Qxd3 {[%clk 00:10:13]} {[%emt 00:00:02]} 18. Qg4 {[%clk
00:04:21]} {[%emt 00:00:01]} Kh8 {[%clk 00:05:50]} {[%emt 00:04:33]} 19. Nd6
{[%clk 00:03:07]} {[%emt 00:01:25]} Bxd6 {[%clk 00:05:47]} {[%emt 00:00:13]} 20.
exd6 {[%clk 00:01:23]} {[%emt 00:01:53]} Qg6 {[%clk 00:05:56]} {[%emt
00:00:01]} 21. Qh4 {[%clk 00:00:41]} {[%emt 00:00:52]} Na5 {[%clk 00:03:54]}
{[%emt 00:02:12]} 22. Bxb7 {[%clk 00:00:16]} {[%emt 00:00:36]} Nxb7 {[%clk
00:04:02]} {[%emt 00:00:01]} 23. Qe7 {[%clk 00:00:22]} {[%emt 00:00:04]} Na5
{[%clk 00:00:50]} {[%emt 00:03:22]} 24. Rac1 {[%clk 00:00:22]} {[%emt
00:00:10]} Nc6 {[%clk 00:00:44]} {[%emt 00:00:16]} 25. Qc7 {[%clk 00:00:25]}
{[%emt 00:00:07]} Nd4 {[%clk 00:00:53]} 26. Bxd4 {[%clk 00:00:28]} {[%emt
00:00:07]} cxd4 {[%clk 00:01:02]} 27. c5 {[%clk 00:00:23]} {[%emt 00:00:15]}
bxc5 {[%clk 00:01:09]} {[%emt 00:00:03]} 28. Rxc5 {[%clk 00:00:24]} {[%emt
00:00:09]} e5 {[%clk 00:01:16]} {[%emt 00:00:04]} 29. Rd5 {[%clk 00:00:13]}
{[%emt 00:00:21]} Qe6 {[%clk 00:00:28]} {[%emt 00:00:57]} 30. Qc5 {[%clk
00:00:22]} {[%emt 00:00:02]} Rd7 {[%clk 00:00:35]} {[%emt 00:00:03]} 31. f4
{[%clk 00:00:30]} {[%emt 00:00:01]} exf4 {[%clk 00:00:44]} {[%emt 00:00:01]} 32.
Qxd4 {[%clk 00:00:29]} {[%emt 00:00:11]} Qe3+ {[%clk 00:00:25]} {[%emt
00:00:30]} 33. Qxe3 {[%clk 00:00:37]} {[%emt 00:00:02]} fxe3 {[%clk 00:00:34]}
34. Rc1 {[%clk 00:00:35]} {[%emt 00:00:12]} Rfd8 {[%clk 00:00:20]} {[%emt
00:00:24]} 35. Kf1 {[%clk 00:00:29]} {[%emt 00:00:16]} g6 {[%clk 00:00:29]}
{[%emt 00:00:01]} 36. Rc6 {[%clk 00:00:31]} {[%emt 00:00:08]} Kg7 {[%clk
00:00:31]} {[%emt 00:00:07]} 37. Ra6 {[%clk 00:00:29]} {[%emt 00:00:13]} Kf6
{[%clk 00:00:32]} {[%emt 00:00:09]} 38. Rd3 {[%clk 00:00:31]} {[%emt 00:00:08]}
Re8 {[%clk 00:00:21]} {[%emt 00:00:21]} 39. Ke2 {[%clk 00:00:36]} {[%emt
00:00:05]} Re5 {[%clk 00:00:18]} {[%emt 00:00:14]} 40. Rxe3 {[%clk 00:00:36]}
{[%emt 00:00:10]} Rxe3+ {[%clk 00:00:24]} {[%emt 00:00:03]} 41. Kxe3 {[%clk
00:00:45]} {[%emt 00:00:01]} Ke6 {[%clk 00:00:25]} {[%emt 00:00:09]} 42. Kf4
{[%clk 00:00:35]} {[%emt 00:00:20]} f6 {[%clk 00:00:22]} {[%emt 00:00:13]} 43.
h4 {[%clk 00:00:25]} {[%emt 00:00:20]} h5 {[%clk 00:00:21]} {[%emt 00:00:11]}
44. Ke4 {[%clk 00:00:28]} {[%emt 00:00:07]} g5 {[%clk 00:00:17]} {[%emt
00:00:14]} 45. a4 {[%clk 00:00:36]} {[%emt 00:00:02]} f5+ {[%clk 00:00:22]}
{[%emt 00:00:06]} 46. Kf3 {[%clk 00:00:39]} {[%emt 00:00:06]} gxh4 {[%clk
00:00:22]} {[%emt 00:00:10]} 47. gxh4 {[%clk 00:00:48]} {[%emt 00:00:01]} Rxd6
{[%clk 00:00:31]} 48. Rxa7 {[%clk 00:00:56]} {[%emt 00:00:02]} Rd4 {[%clk
00:00:39]} {[%emt 00:00:02]} 49. Kg3 {[%clk 00:00:48]} {[%emt 00:00:18]} Rg4+
{[%clk 00:00:48]} 50. Kh3 {[%clk 00:00:52]} {[%emt 00:00:06]} f4 {[%clk
00:00:47]} {[%emt 00:00:11]} 51. Ra6+ {[%clk 00:00:53]} {[%emt 00:00:09]} Ke7
{[%clk 00:00:29]} {[%emt 00:00:27]} 52. Ra5 {[%clk 00:00:34]} {[%emt 00:00:30]}
f3 {[%clk 00:00:30]} {[%emt 00:00:09]} 53. Rxh5 {[%clk 00:00:35]} {[%emt
00:00:09]} Rf4 {[%clk 00:00:23]} {[%emt 00:00:17]} 54. Re5+ {[%clk 00:00:30]}
{[%emt 00:00:15]} Kf7 {[%clk 00:00:24]} {[%emt 00:00:08]} 55. Re1 {[%clk
00:00:25]} {[%emt 00:00:16]} Rxa4 {[%clk 00:00:32]} {[%emt 00:00:02]} 56. Kg3
{[%clk 00:00:30]} {[%emt 00:00:04]} f2 {[%clk 00:00:36]} {[%emt 00:00:07]} 57.
Rf1 {[%clk 00:00:37]} {[%emt 00:00:03]} Ra2 {[%clk 00:00:44]} {[%emt 00:00:02]}
58. Rxf2+ {[%clk 00:00:44]} {[%emt 00:00:03]} Rxf2 {[%clk 00:00:52]} {[%emt
00:00:02]} 59. Kxf2 {[%clk 00:00:52]} Kg6 {[%clk 00:01:01]} 60. h5+ {[%clk
00:01:01]} {[%emt 00:00:02]} Kxh5 {[%clk 00:01:11]} {[%emt 00:00:01]} 1/2-1/2

[Event "World Cup 2023 Open"]
[Site "Baku, Azerbaijan"]
[Date "2023.08.04"]
[Round "14.11"]
[White "Navara David (CZE)"]
[Black "Huschenbeth Niclas (GER)"]
[Result "1-0"]
[WhiteFideId "309095"]
[BlackFideId "24604747"]
[WhiteElo "2689"]
[BlackElo "2603"]

1. c4 {[%clk 00:25:18]} {[%emt 00:00:02]} Nf6 {[%clk 00:25:18]} {[%emt
00:00:02]} 2. Nf3 {[%clk 00:25:26]} {[%emt 00:00:02]} e6 {[%clk 00:25:23]}
{[%emt 00:00:05]} 3. g3 {[%clk 00:25:33]} {[%emt 00:00:02]} d5 {[%clk
00:25:31]} {[%emt 00:00:02]} 4. Bg2 {[%clk 00:25:40]} {[%emt 00:00:02]} Be7
{[%clk 00:25:40]} {[%emt 00:00:02]} 5. O-O {[%clk 00:25:33]} {[%emt 00:00:17]}
O-O {[%clk 00:25:47]} {[%emt 00:00:03]} 6. b3 {[%clk 00:25:41]} {[%emt
00:00:02]} c5 {[%clk 00:25:48]} {[%emt 00:00:09]} 7. Bb2 {[%clk 00:25:21]}
{[%emt 00:00:30]} Nc6 {[%clk 00:25:53]} {[%emt 00:00:05]} 8. e3 {[%clk
00:25:06]} {[%emt 00:00:24]} b6 {[%clk 00:25:06]} {[%emt 00:00:57]} 9. Nc3
{[%clk 00:23:55]} {[%emt 00:01:21]} Bb7 {[%clk 00:25:08]} {[%emt 00:00:07]} 10.
Qe2 {[%clk 00:21:33]} {[%emt 00:02:32]} d4 {[%clk 00:22:09]} {[%emt 00:03:10]}
11. exd4 {[%clk 00:21:41]} {[%emt 00:00:02]} Nxd4 {[%clk 00:22:08]} {[%emt
00:00:11]} 12. Nxd4 {[%clk 00:21:21]} {[%emt 00:00:30]} Bxg2 {[%clk 00:22:16]}
{[%emt 00:00:02]} 13. Kxg2 {[%clk 00:21:28]} {[%emt 00:00:02]} Qxd4 {[%clk
00:22:08]} {[%emt 00:00:18]} 14. Rad1 {[%clk 00:15:57]} {[%emt 00:05:40]} Qd7
{[%clk 00:16:39]} {[%emt 00:05:39]} 15. d4 {[%clk 00:15:06]} {[%emt 00:01:02]}
cxd4 {[%clk 00:16:47]} {[%emt 00:00:02]} 16. Nb5 {[%clk 00:15:14]} {[%emt
00:00:02]} Qb7+ {[%clk 00:13:18]} {[%emt 00:03:39]} 17. Kg1 {[%clk 00:15:18]}
{[%emt 00:00:06]} Rfd8 {[%clk 00:13:20]} {[%emt 00:00:09]} 18. Nxd4 {[%clk
00:15:17]} {[%emt 00:00:10]} Rd7 {[%clk 00:12:12]} {[%emt 00:01:19]} 19. Nf3
{[%clk 00:10:34]} {[%emt 00:04:52]} Rad8 {[%clk 00:12:20]} {[%emt 00:00:01]} 20.
Ne5 {[%clk 00:10:43]} {[%emt 00:00:02]} Rxd1 {[%clk 00:11:27]} {[%emt
00:01:04]} 21. Rxd1 {[%clk 00:10:51]} {[%emt 00:00:01]} Rxd1+ {[%clk 00:08:53]}
{[%emt 00:02:45]} 22. Qxd1 {[%clk 00:10:59]} {[%emt 00:00:01]} h6 {[%clk
00:07:20]} {[%emt 00:01:44]} 23. Qf3 {[%clk 00:09:44]} {[%emt 00:01:24]} Qxf3
{[%clk 00:06:51]} {[%emt 00:00:40]} 24. Nxf3 {[%clk 00:09:52]} {[%emt
00:00:02]} Nd7 {[%clk 00:06:28]} {[%emt 00:00:34]} 25. Kf1 {[%clk 00:09:44]}
{[%emt 00:00:17]} Kf8 {[%clk 00:05:48]} {[%emt 00:00:50]} 26. Ke2 {[%clk
00:09:32]} {[%emt 00:00:22]} g6 {[%clk 00:04:52]} {[%emt 00:01:07]} 27. Nd4
{[%clk 00:08:49]} {[%emt 00:00:52]} Bf6 {[%clk 00:04:42]} {[%emt 00:00:20]} 28.
Ba3+ {[%clk 00:08:56]} {[%emt 00:00:03]} Kg7 {[%clk 00:03:47]} {[%emt
00:01:05]} 29. Nc6 {[%clk 00:08:06]} {[%emt 00:00:59]} a6 {[%clk 00:03:49]}
{[%emt 00:00:09]} 30. Bd6 {[%clk 00:08:02]} {[%emt 00:00:13]} Ba1 {[%clk
00:03:11]} {[%emt 00:00:49]} 31. b4 {[%clk 00:05:52]} {[%emt 00:02:19]} Bb2
{[%clk 00:01:59]} {[%emt 00:01:22]} 32. Kd3 {[%clk 00:04:49]} {[%emt 00:01:13]}
Kf6 {[%clk 00:01:17]} {[%emt 00:00:52]} 33. c5 {[%clk 00:02:34]} {[%emt
00:02:24]} bxc5 {[%clk 00:00:53]} {[%emt 00:00:35]} 34. bxc5 {[%clk 00:02:42]}
{[%emt 00:00:02]} e5 {[%clk 00:00:54]} {[%emt 00:00:09]} 35. Kc4 {[%clk
00:01:02]} {[%emt 00:01:49]} Bd4 {[%clk 00:00:18]} {[%emt 00:00:47]} 36. Nxd4
{[%clk 00:00:43]} {[%emt 00:00:29]} exd4 {[%clk 00:00:27]} {[%emt 00:00:01]} 37.
Kxd4 {[%clk 00:00:26]} {[%emt 00:00:27]} Ke6 {[%clk 00:00:36]} 38. Bc7 {[%clk
00:00:14]} {[%emt 00:00:24]} Nf6 {[%clk 00:00:26]} {[%emt 00:00:20]} 39. c6
{[%clk 00:00:22]} {[%emt 00:00:01]} Nd5 {[%clk 00:00:21]} {[%emt 00:00:15]} 40.
Bb8 {[%clk 00:00:25]} {[%emt 00:00:06]} Nb4 {[%clk 00:00:20]} {[%emt 00:00:11]}
41. Kc5 {[%clk 00:00:33]} {[%emt 00:00:01]} Nxa2 {[%clk 00:00:21]} {[%emt
00:00:10]} 42. Kb6 {[%clk 00:00:23]} {[%emt 00:00:20]} Nb4 {[%clk 00:00:15]}
{[%emt 00:00:17]} 43. c7 {[%clk 00:00:27]} {[%emt 00:00:05]} Nd5+ {[%clk
00:00:20]} {[%emt 00:00:06]} 44. Kxa6 {[%clk 00:00:25]} {[%emt 00:00:12]} Kd7
{[%clk 00:00:21]} {[%emt 00:00:09]} 45. Kb7 {[%clk 00:00:33]} {[%emt 00:00:01]}
Ne7 {[%clk 00:00:28]} {[%emt 00:00:02]} 46. Ba7 {[%clk 00:00:41]} {[%emt
00:00:02]} 1-0